MDQL
is popping MORE tags! Check the
thread
!
Quizzes
Events
Quiz Creation
Community
Videos
Private Events
Remove Ads
Sign In
Join for FREE
Feedback
Dark Mode
Quiz Categories
Sports
Geography
Music
Movies
Television
Just For Fun
Miscellaneous
History
Literature
Language
Science
Gaming
Entertainment
Religion
Holiday
For Kids
Quiz Lab
Recent
Popular Today
Quiz Kudos Today
Editor Picks
Curator Picks
Quizzes by...
Day
Popularity
Type
Ratings
Length
Year
Community
Subscriptions
Recent Discussions
Orange Saloon
Badges
Playlists
Quests
Create
Leaderboards
Showdown
Live 5
Trivia Bingo
Activity
Puzzle Library
Sporcle Events
Private Events
Virtual Trivia
Globe League
Become a Host
Pub Owners
SporcleCon
Opinionation
Our Games
Videos
Blog
Mobile Apps
Partnerships
Remove Ads and Go Orange
Feedback
Sports
Athletes
MLB
NBA
NHL
NFL
Soccer
Sports Teams
WWE
NCAA
Football
Premier League
Basketball
Baseball
Hockey
Golf
Tennis
Cricket
Rugby
Auto Racing
Olympics
World Cup
Sports
Athletes
MLB
NBA
NHL
NFL
Soccer
Sports Teams
WWE
NCAA
Football
Premier League
Basketball
Baseball
Hockey
Golf
Tennis
Cricket
Rugby
Auto Racing
Olympics
World Cup
Random Quiz
Search Sporcle
×
Quiz Lab
Quiz Lab
Sports
WWE
Type in answers that appear in a list
Type in answers that appear in a list
Classic
Best Score? Go Orange.
WWE Championships reign by days(top 40) Stats
Can you name the 40 people with the longest WWE Championship reigns by days holding the title?
By
xV1P3Rx
10m
40 Questions
1,205 Plays
1,205 Plays
1,205 Plays
Comments
Comments
Give Quiz Kudos
Give Quiz Kudos
-
- Ratings
hide this ad
Replay
Link that replays current quiz
Next Quiz
Link to next quiz in quiz playlist
You Got
0%
They Got
Avg Score
71%
Avg Friend Score
Upgrade to see
Score Distribution
Jump to the score distribution portion of the page
Score
0/40
Timer
10:00
0
Plays Today
Days held
Superstar Name
% Correct
1041
John Cena
95%
539
Triple H
93.3%
2185
Hulk Hogan
92.4%
297
Dwayne 'The Rock' Johnson
89.9%
396
Shawn Michaels
89%
238
The Undertaker
89%
420
Randy Orton
87.7%
1
Kane
87.4%
25
CM Punk
86%
654
Bret 'The Hitman' Hart
85.6%
139
'The Rated R Superstar' Edge
84.4%
4040
Bruno Sammartino
83.2%
520
Randy 'Macho Man' Savage
76.3%
37
Batista
76.2%
297
Kurt Angle
76%
355
Brock Lesnar
75.6%
2138
Bob Backlund
75.5%
358
Diesel
73.6%
118
Ric Flair
73.4%
98
Chris Jericho
72.4%
Days held
Superstar Name
% Correct
78
The Big Show
71.9%
529
Steve Austin
71.8%
280
John Bradshaw Layfield
71%
47
Mankind
70.7%
133
Eddie Guerrero
68.3%
280
Yokozuna
67.9%
160
The Miz
67%
42
Jeff Hardy
65.6%
1027
Pedro Morales
63.7%
6
Vince McMahon
61.8%
161
Sheamus
61%
64
Sgt. Slaughter
58.3%
22
Rob Van Dam
56.8%
97
Sycho Sid
56.6%
293
The Ultimate Warrior
54.3%
296
Billy 'The Superstar' Graham
52.5%
18
Buddy Rogers
49.5%
9
Stan Stasiak
47.5%
28
The Iron Sheik
46.8%
21
Ivan Koloff
44.9%
Quiz Playlist
Details
Report
Send in Message
Add To Playlist
Classic:
Type in answers that appear in a list
Last Updated: Feb 16, 2017
Quiz Scoreboard
CHALLENGE
Sign Up to Join the Scoreboard
Show All
Scores
Hide
Comments
May contain spoilers
Recently Published
Two Season TV Shows II
by 123Four
Television
10m
Image Sorting: Flags VI
by Barbecue
Geography
2m
Find the 'City' Movie
by crazypaving
Movies
60s
More to Explore
Quiz From the Vault
Featured Blog Post
14 Easter Pick-up Lines to Find Eggs With
hide this ad
You Might Also Like...
Tags
WWE Quiz
Championship
Holding
longest
reign
Superstar
Today's Top Quizzes in Sports
Browse Sports
hide this ad
Today's Top Quizzes in WWE
Browse WWE
Top Contributed Quizzes in Sports
1
Les meilleurs buteurs des matchs entre le PSG et l’OM
2
Les entraîneurs de l'OM et du PSG au 21e siècle
3
2022 World Cup Stars
4
Les joueurs passés par le PSG et l'OM
5
Players with Multiple 50 Home Run Seasons
6
Criteria MLB: Left Handed Sluggers
7
FIFA Club World Cup Champions
8
Les joueurs passés par le LOSC et le RC Lens
9
NBA Logic Puzzle 2.0
10
Top 10 NHL Goal Scorers of All Time
Explore More
Trending Topics
Harry Potter
Crossword
Disney
Marvel
NBA
Anime
Kpop
WWE
Soccer
Pokémon
NFL
Puzzle
Song
Country
The Office
hide this ad
More By:
xV1P3Rx
Quiz
Plays
Rating
Category
Featured
Created
WWE Championships reign by days(top 40)
1,205
1.36
Sports
Aug 11, 2011
WWE Wrestlemania Venues
125
Sports
Aug 12, 2011
Premiership Stats 2010/11
55
5.00
Sports
Aug 13, 2011
Go to Creator's Profile
Score Distribution
Quiz Creator Spotlight
xV1P3Rx
Follow
Send a Message
Quizzes Created
-
Created Quiz Play Count
-
More By This Creator
Popular Quizzes Today
1
Find the US States - No Outlines Minefield
2
Colored Red Africa Blitz
3
Find the 'City' Movie
4
5x2 Blitz: Bands
5
The Countries of the World
6
Find the Countries of Europe - No Outlines Minefield
7
Find the US States
8
US States
More Sports Quizzes
NFL 500 Touchdown Club
Published
Trending Quizzes
Colored Red Europe Blitz I
Colored Red Africa Blitz II
Colored Red Europe Blitz II
Colored Red Africa Blitz III
Colored Red Europe Blitz III
Recently Updated
How Do You Spell That?
pecheneg
Godzilla Movies
pecheneg
Grab Bag: 4-10 Letters
pecheneg
2024 March Madness Bracket
pecheneg
Famous TV Couples
Peacemaker
Champions League XIs: Real Madrid
pecheneg
Largest US Cities 1790-2010
pecheneg
Rides in Walt Disney World
pecheneg
Most Oscar Losses (Acting)
pecheneg
Beyoncé Albums
pecheneg
Trending Topics
Harry Potter
Crossword
Disney
Anime
Kpop
NBA
Marvel
Pokémon
Country
Puzzle
WWE
NFL
Song
Soccer
The Office
Your Account Isn't Verified!
In order to create a playlist on Sporcle, you need to verify the email address you used during registration. Go to your
Sporcle Settings
to finish the process.
Report this User
Report this user for behavior that violates our
Community Guidelines
.
Details:
Send Report
Go to the Sporcle.com Mobile Site →
Comments